Normal view
MARC view
- Noltingk, B E
Entry Personal Name
001 - CONTROL NUMBER
- control field: 87247
003 - CONTROL NUMBER IDENTIFIER
- control field: NUST
005 - DATE AND TIME OF LATEST TRANSACTION
- control field: 20220103105039.0
008 - FIXED-LENGTH DATA ELEMENTS
- fixed length control field: 220103|| aca||aabn | a|a d
040 ## - CATALOGING SOURCE
- Original cataloging agency: NUST
- Transcribing agency: NUST
100 ## - HEADING--PERSONAL NAME
- Personal name: Noltingk, B E
670 ## - SOURCE DATA FOUND
- Source citation: Work cat.: (NUST)31651: Noltingk, B E, Jones, Instrument Technology vol 2 /, 2005.
